Diagnóstico organizacional
Збережено в:
| Автор: | |
|---|---|
| Формат: | Книга |
| Мова: | Іспанська |
| Опубліковано: |
Santiago
Universidad Católica de Chile
1992
|
| Серія: | Textos universitarios
|
| Предмети: | |
| Теги: |
Додати тег
Немає тегів, Будьте першим, хто поставить тег для цього запису!
|
MARC
| LEADER | 00000cam a2200000 a 4500 | ||
|---|---|---|---|
| 001 | UCW7651 | ||
| 003 | CL-VaPUC | ||
| 008 | 930615e19920000CL |||||||||||||||||spa|d | ||
| 082 | 0 | 4 | |a 658.406 |b ROD |2 21 |
| 100 | 0 | |a Rodríguez Mansilla, Darío |e author |9 312868 | |
| 245 | 1 | 0 | |a Diagnóstico organizacional |
| 300 | |a 192 p | ||
| 942 | |c BK | ||
| 945 | |d 19930615 00:00:00 |a mfernand | ||
| 260 | |a Santiago |b Universidad Católica de Chile |c 1992 | ||
| 650 | 0 | |a Cambio organizacional |9 260741 | |
| 650 | 0 | |a Organización |9 256369 | |
| 650 | 7 | |a PLANIFICACION |2 CL-VaPUC |9 260802 | |
| 583 | |a last modification |c 20161202 12:16:05 |k Rodrigo Vera | ||
| 490 | 0 | |a Textos universitarios | |
| 999 | |c 220352 |d 220350 | ||
| 952 | |0 0 |1 0 |4 0 |6 658_406000000000000_ROD_1992 |7 0 |8 R |9 212422 |a BIBENE |b BIBENE |d 2019-11-15 |i 280655K |o 658.406 ROD 1992 |p 280655K |r 2025-01-15 |w 2019-11-15 |y BK_R |k ICO | ||
| 952 | |0 0 |1 0 |4 0 |6 658_406000000000000_ROD_1992 |7 0 |8 R |9 212423 |a BIBEDU |b BIBEDU |d 2019-11-15 |i 2806568 |o 658.406 ROD 1992 |p 2806568 |r 2019-11-15 |w 2019-11-15 |y BK_R |k EDU | ||
| 952 | |0 0 |1 0 |4 0 |6 658_406000000000000_ROD_1992 |7 0 |8 R |9 212424 |a BIBGIM |b BIBGIM |d 2019-11-15 |i 2956888 |o 658.406 ROD 1992 |p 2956888 |r 2025-01-15 |w 2019-11-15 |y BK_R |k SSL | ||
| 952 | |0 0 |1 0 |4 0 |6 658_406000000000000_ROD_1992 |7 0 |8 A |9 212425 |a BIBING |b BIBING |d 2019-11-15 |i 2967022 |o 658.406 ROD 1992 |p 2967022 |r 2025-01-20 |w 2019-11-15 |y BK |k EII | ||
| 952 | |0 0 |1 0 |4 0 |6 658_406000000000000_ROD_1992 |7 0 |8 R |9 212426 |a BIBEDU |b BIBEDU |d 2019-11-15 |i 3081354 |o 658.406 ROD 1992 |p 3081354 |r 2019-11-15 |w 2019-11-15 |y BK_R |k PSI | ||
| 952 | |0 0 |1 0 |4 0 |6 658_406000000000000_ROD_1992 |7 0 |8 R |9 212427 |a BIBEDU |b BIBEDU |d 2019-11-15 |i 3081362 |o 658.406 ROD 1992 |p 3081362 |r 2019-11-15 |w 2019-11-15 |y BK_R |k PSI | ||
| 952 | |0 0 |1 0 |4 0 |6 658_406000000000000_ROD_1992 |7 0 |8 R |9 212428 |a BIBEDU |b BIBEDU |d 2019-11-15 |i 3081370 |o 658.406 ROD 1992 |p 3081370 |r 2019-11-15 |w 2019-11-15 |y BK_R |k PSI | ||
| 952 | |0 0 |1 0 |4 0 |6 658_406000000000000_ROD_1992 |7 0 |8 R |9 212429 |a BIBGIM |b BIBGIM |d 2019-11-15 |i 3155528 |o 658.406 ROD 1992 |p 3155528 |r 2025-01-15 |w 2019-11-15 |y BK_R |k COM | ||
| 952 | |0 0 |1 0 |4 0 |6 658_406000000000000_ROD_1992 |7 0 |8 A |9 212430 |a BIBCUR |b BIBCUR |d 2019-11-15 |i 3516997 |o 658.406 ROD 1992 |p 3516997 |r 2025-04-22 |w 2019-11-15 |y BK |k PER | ||
| 952 | |0 0 |1 0 |4 0 |6 658_406000000000000_ROD_1992 |7 0 |8 R |9 212431 |a BIBGIM |b BIBGIM |d 2019-11-15 |i 3519422 |o 658.406 ROD 1992 |p 3519422 |r 2025-01-15 |w 2019-11-15 |y BK_R |k SSL | ||
| 952 | |0 0 |1 0 |4 0 |6 658_406000000000000_ROD_1992 |7 0 |8 R |9 212432 |a BIBEDU |b BIBEDU |d 2019-11-15 |i 4693523 |o 658.406 ROD 1992 |p 4693523 |r 2019-11-15 |w 2019-11-15 |y BK_R |k EBA | ||